Efektivita verzus rovnosť bakalárska práca

Salvato in:
Dettagli Bibliografici
Autore principale: Augustinov, Timotej
Ente Autore: Národohospodárska fakulta EU. Katedra hospodárskej politiky
Altri autori: Luptáčik, Mikuláš
Natura: Libro
Lingua:slovacco
Pubblicazione: Bratislava 2015
Tags: Aggiungi Tag
Nessun Tag, puoi essere il primo ad aggiungerne!!

MARC

LEADER 00000nbm a2200000 4500
001 0206373
005 20161212094716.8
041 0 |a slo 
044 |a SK 
245 1 0 |a Efektivita verzus rovnosť  |b bakalárska práca  |c Timotej Augustinov ; školiteľ: Mikuláš Luptáčik 
264 1 |a Bratislava  |c 2015 
300 |a 47 s. 
100 1 |a Augustinov, Timotej 
700 1 |a Luptáčik, Mikuláš 
710 2 |a Národohospodárska fakulta EU. Katedra hospodárskej politiky